000 00905cam a2200145ua 4500
041 _aeng
_h
082 _a631.372
_bIND/GU
110 1 _aIndian standards institution .
_bISI
_c()
245 _aGuidelines for stocking spare parts of agicultural tractors,IS:9864-1981 /
_cINdian standards institution.
_hTextual Documents
260 _a :
_bISI ,
_c1981.
300 _a10 ; .
504 _a
942 _cBK
999 _c4223
_d4223